Medzinárodné majstrovstvá záchranárov v Starej Ľubovni

Bibliographic Details
Format: Article
Language:Slovak
PhysicalDescription:Fotogr.
Subjects:

MARC

LEADER 00000nab a2200000 ar4500
001 vtls008831327
003 SK-MaSNL
005 20260304015543.0
008 060717c2005 xo wr|n|||||||000 b|slo
015 |a SLLK2005  |2 sllk 
038 |a SLLK 
040 |a SLLK  |b slo  |c sllk  |e AACR2 
041 0 |a slo 
044 |a xo  |c SK 
072 7 |a 614.8  |x Úrazy a ich prevencia  |2 konspekt 
080 |a 614.88:06.063  |2 1997 
245 0 0 |a Medzinárodné majstrovstvá záchranárov v Starej Ľubovni  |c Texct (hm) ; foto (pp) 
300 |b Fotogr. 
611 2 7 |a Medzinárodné majstrovstvá záchranárov  |d (2005 :  |c Stará Ľubovňa, Slovensko)  |2 sllk  |9 1296865 
650 0 7 |a záchranári  |2 snkbucl  |9 30207 
651 7 |a Stará Ľubovňa (Slovensko)  |2 snkbucl  |9 19193 
773 0 |t Ľubovnianske noviny  |g Roč. XXXI, č. 39 (2005) s. 1 a 3 
852 |a SLLK  |b KIS3GCP 
999 |c 2592270  |d 2594200